000 04626cgm a2200985Mi 4500
001 on1048027341
003 OCoLC
005 20251212101451.0
007 vd cvaizq
008 160927s2016 nyu300 vleng d
024 1 _a741952809692
028 4 2 _aEOE-DV-8096
_bEntertainment One Film US
028 4 2 _aEOE-DV-8096A
_bEntertainment One Film US
028 4 2 _aEOE-DV-8096B
_bEntertainment One Film US
035 _a(OCoLC)1048027341
037 _f(set)
_c$30.99
040 _aSPP
_beng
_erda
_cSPP
_dOCLCO
_dOCLCF
_dUINTA
041 0 _aeng
043 _an-us---
049 _aUCLB
092 _bDVD
245 0 0 _aHell on wheels. Season 5. Vol. 2
_bthe final episodes /
246 3 _aHell on wheels.
_nThe fifth year,
_pVol. 2
246 3 _aHell on wheels.
_nThe final year,
_pVol. 2
246 3 _aHell on wheels.
_nSeason five,
_pVol. 2
264 1 _aPort Washington, NY :
_bEntertainment One Film US, Wirthwhile TV ; Entertainment One ; Nomadic Pictures ; Endemol Shine Studios ; producers, Anson Mount, Thomas Brady, Peter Chomsky ; created by Joe Gayton & Tony Gayton.
_c[2016]
300 _a2 videodiscs (ca. 300 min.) :
_bsound, color ;
_c4 3/4 in.
336 _atwo-dimensional moving image
337 _avideo
338 _avideodisc
500 _aOriginally broadcast as single episodes of a television program on the AMC Network in 2016.
500 _aWidescreen (16x9, 1.78:1).
500 _aSpecial features: A look at the final episodes; Golden spike; Wrap up; Inside the episodes (x7).
505 0 0 _gDisc 1.
_tTwo soldiers --
_tReturn to the garden --
_t61 degrees --
_tGambit --
_gDisc 2.
_tAny sum within reason --
_tRailroad men --
_tDone.
511 1 _aAnson Mount, Colm Meaney, Christopher Heyerdahl, Mackenzie Porter, Phil Burke, Robin McLeavy.
520 _aCullen Bohannon, a former soldier and slaveholder, follows the track of Union soldiers, who killed his wife. This brings him to the middle of one of the biggest projects in US history, the building of the railroad. After the war years in the 1860s, this connected the east with the still wild west.
521 8 _aRating: TV14.
538 _aDVD, widescreen (16x9, 1.78:1); 5.1, 2.0 Dolby digital.
540 _aHome use only.
540 _aCopy protected.
546 _aSubtitled for the deaf and hard of hearing (SDH).
610 2 0 _aUnion Pacific Railroad Company
_xHistory
_vDrama.
_95756803
610 2 7 _aUnion Pacific Railroad Company.
_2fast
_914338
611 2 7 _aAmerican Civil War (1861-1865)
_2fast
_95679966
648 7 _a1800-1899
_2fast
_95678697
650 0 _aSoldiers
_zConfederate States of America
_y19th century
_vDrama.
_95756804
650 0 _aRevenge
_vDrama.
_95697951
650 0 _aRailroads
_zUnited States
_xHistory
_y19th century
_vDrama.
_95756805
650 0 _aRailroad trains
_vDrama.
_95736962
650 0 _aFrontier and pioneer life
_vDrama.
_95718638
650 0 _aWestern television programs.
_993851
650 0 _aHistorical television programs.
_985337
650 0 _aFilms for the hearing impaired.
_982528
650 7 _aFilms for the hearing impaired.
_2fast
_982528
650 7 _aFrontier and pioneer life.
_2fast
_984376
650 7 _aHistorical television programs.
_2fast
_985337
650 7 _aRailroad trains.
_2fast
_990374
650 7 _aRailroads.
_2fast
_990364
650 7 _aRevenge.
_2fast
_990689
650 7 _aSoldiers.
_2fast
_991788
650 7 _aTerritorial expansion.
_2fast
_95756807
650 7 _aWestern television programs.
_2fast
_993851
651 0 _aUnited States
_xHistory
_yCivil War, 1861-1865
_vDrama.
_95673652
651 0 _aUnited States
_xTerritorial expansion
_xHistory
_y19th century
_vDrama.
_95756806
651 7 _aUnited States.
_2fast
_95916
651 7 _aUnited States
_zConfederate States of America.
_2fast
_95715145
655 7 _aDrama.
_2fast
_95673873
655 7 _aHistory.
_2fast
_95675940
700 1 _aMount, Anson,
_d1973-
_969343
700 1 _aBrady, Thomas
_c(Producer)
_95756808
700 1 _aChomsky, Peter.
_95756809
700 1 _aGayton, Joe.
_95756810
700 1 _aGayton, Tony,
_d1959-
_970316
700 1 _aMeaney, Colm,
_d1953-
_967529
700 1 _aHeyerdahl, Christopher.
_971081
700 1 _aPorter, MacKenzie,
_d1990-
_95756811
700 1 _aBurke, Phil.
_95756812
700 1 _aMcLeavy, Robin.
_95756813
710 2 _aArts and Entertainment Network.
_975776
710 2 _aE1 Entertainment (Firm)
_95709785
710 2 _aWirthwhile TV.
_95756814
710 2 _aNomadic Pictures (Calgary, Alta.)
_95756815
710 2 _aEndemol USA (Firm)
_95756816
942 _2ddc
_cDVDSERIES
999 _c238917
_d238917